000 01071nmm a2200289 a 4500
001 ocm0001221623
003 TR-IsHL
005 20201028154906.0
008 140104s2003 tu tur
007 cr cn
020 _a9789755127910
035 _a1221623
_b(N$T)
050 0 4 _aHD9000.9.T9
_bG45 2003
090 0 4 _aHD9000.9.T9
_bG45 2003
245 1 0 _aGelişmiş ülkelerde tarım piyasalarının organizasyonu
_h[electronic resource] /
_cİ. Hakkı İnan...[ve öte.]
260 _aİstanbul :
_bİstanbul Ticaret Odası,
_c2003
300 _a152 p.
650 4 _aTarım ve Biyoloji
650 4 _aAgricultural and Biological Sciences
650 0 _aGıda endüstrisi ve ticareti
_x Türkiye
650 0 _aFood industry and trade
_x Turkey
650 0 _aTarımsal endüstriler
_x Türkiye
650 0 _aAgricultural industries
_x Turkey
650 7 _aBUSINESS & ECONOMICS / Industries / Food Industry
_2bisacsh
700 1 _aİnan, İ. Hakkı
856 4 0 _uhttp://search.ebscohost.com/login.aspx?direct=true&scope=site&db=e011xww&AN=1221623
999 _c12807
_d12807